| 000 | 00000nam##2200000za#4500 |
| 001 | 9.604005 |
| 003 | CaOODSP |
| 005 | 20260128153019 |
| 007 | cr ||||||||||| |
| 008 | 150406|1993||||xxc|||||o f|0| 0 fre|d |
| 022 | |a1488-545X |
| 040 | |aCaOODSP|bfre |
| 043 | |an-cn--- |
| 086 | 1 |aFs97-6/1907F-PDF |
| 110 | 2 |aInstitut Maurice-Lamontagne. |
| 245 | 10|aCaractéristiques biologiques du maquereau bleu (Scomber scombrus L.) échantillonné le long des côtes canadiennes entre 1983 et 1991 / |h[ressource électronique]|cpar F. Grégoire. |
| 260 | |aMont-Joli - Québec : |bPêches et Océans Canada. |cc1993. |
| 300 | |a150p.|bgraphiques, références, tableaux |
| 490 | 1 |aRapport technique canadien des sciences halieutiques et aquatiques|x1488-545X|vN° 1907 |
| 500 | |aLe n° de catalogue (Fs97-6/1907F) et l'ISSN (0706-6570) de l'édition imprimée ont été incorrectement copiés dans l'édition électronique. |
| 546 | |a(Abstract in English) |
| 590 | |a12-23-Supp|b2012-05-28 |
| 720 | 1 |aGrégoire, F. |
| 775 | 08|tBiological characteristics of Atlantic mackerel (Scomber scombrus L.) sampled along the Canadian coast between 1983 and 1991 / |w(CaOODSP)9.573879 |
| 776 | 0#|tCaractéristiques biologiques du maquereau bleu (Scomber scombrus L.) échantillonné le long des côtes canadiennes entre 1983 et 1991 / |w(CaOODSP)9.622009 |
| 830 | #0|aRapport technique canadien des sciences halieutiques et aquatiques,|x1488-545X|vN° 1907|w(CaOODSP)9.500867 |
| 856 | 40|ahttp://publications.gc.ca|qPDF|s5.20 Mo|uhttps://publications.gc.ca/collections/collection_2012/mpo-dfo/Fs97-6-1907-fra.pdf|yN° 1907 |